SQL Server 2019: aprender a administrar base de datos transaccional con SQL Server management studio (Registro nro. 13479)
[ vista simple ]
| 000 -Cabecera | |
|---|---|
| Campo de control de longitud fija | 01071nam a22003377a 4500 |
| 005 - Fecha y hora de la última transacción | |
| Campo de control | 20250701151357.0 |
| 008 - Elementos de longitud fija--Información general | |
| Campo de control de longitud fija | 230228b2021 |||||||| |||| 00| 0 spa d |
| 020 ## - International Standard Book Number | |
| Número Internacional Estándar del Libro (ISBN) | 9782409929806 |
| 041 ## - Idioma | |
| Código de idioma | Español |
| 082 ## - Clasificación Decimal Dewey | |
| Número de clasificación | 005.758 G113s |
| 100 ## - Entrada principal--Autor personal | |
| Nombre personal | Gabillaud, Jerôme |
| 9 (RLIN) | 69313 |
| 100 ## - Entrada principal--Autor personal | |
| Nombre personal | Poirier, Jacques |
| 9 (RLIN) | 69314 |
| 245 ## - Título propiamente dicho | |
| Título | SQL Server 2019: aprender a administrar base de datos transaccional con SQL Server management studio |
| 260 ## - Pie de imprenta | |
| Lugar de publicación, distribución, etc. | España |
| Nombre del editor, distribuidor, etc. | Ediciones ENI |
| Fecha de publicación, distribución, etc. | 2021 |
| 300 ## - Descripción física | |
| Extensión | 478 páginas |
| 490 ## - Serie | |
| Título de la Serie | Tecnologías de la Información |
| 500 ## - Nota general | |
| Nota general | Con ejercicios y correcciones. |
| 650 ## - Materia general | |
| Temática (materia general) | PROGRAMACIÓN DE COMPUTADORAS |
| 650 ## - Materia general | |
| Temática (materia general) | SQL SERVER |
| 650 ## - Materia general | |
| Temática (materia general) | BASE DE DATOS |
| 650 ## - Materia general | |
| Temática (materia general) | METADATOS |
| 650 ## - Materia general | |
| Temática (materia general) | SEGURIDAD INFORMÁTICA |
| 650 ## - Materia general | |
| Temática (materia general) | GESTIÓN DE BASE DE DATOS |
| 650 ## - Materia general | |
| Temática (materia general) | INSTALACIÓN Y CONFIGURACIÓN |
| 650 ## - Materia general | |
| Temática (materia general) | SEGURIDAD DEL ACCESO |
| 650 ## - Materia general | |
| Temática (materia general) | TAREAS PLANIFICADAS |
| 650 ## - Materia general | |
| Temática (materia general) | TRANFERENCIAS DE DATOS |
| 650 ## - Materia general | |
| Temática (materia general) | RESTAURACIÓN DEL SISTEMA |
| 650 ## - Materia general | |
| Temática (materia general) | HERRAMIENTAS PARA LA OPTIMIZACIÓN |
| 942 ## - Punto de acceso adicional KOHA | |
| Tipo de ítem KOHA | Libro |
| Fuente del sistema de clasificación o colocación | Dewey Decimal Classification |
| Signatura completa | Código de barras | Programa Académico | Tipo de ítem |
|---|---|---|---|
| 005.758 G113s | 25588 | Tecnologías de Información | Libro |
| 005.758 G113s | 25589 | Tecnologías de Información | Libro |